Online
Catalog

Estado del arte de las migraciones que atañen a la República Dominicana 2013 / (Record no. 44840)

MARC details
000 -CABECERA
campo de control de longitud fija 01718nam a2200289 a 4500
001 - NÚMERO DE CONTROL
campo de control 000045351
003 - IDENTIFICADOR DEL NÚMERO DE CONTROL
campo de control DO-SdBNP
005 - FECHA Y HORA DE LA ÚLTIMA TRANSACCIÓN
campo de control 20221205122223.0
008 - DATOS DE LONGITUD FIJA--INFORMACIÓN GENERAL
campo de control de longitud fija 131112s2014 dr a 000 0 spa d
020 ## - NÚMERO INTERNACIONAL ESTÁNDAR DEL LIBRO
Número Internacional Estándar del Libro 9789945166484
040 ## - FUENTE DE LA CATALOGACIÓN
Centro catalogador/agencia de origen DO-SdBNP
Lengua de catalogación spa
Centro/agencia transcriptor BNPHU
082 ## - NÚMERO DE LA CLASIFICACIÓN DECIMAL DEWEY
Número de clasificación 304.87293
Número de documento/Ítem R696e
100 1# - ENTRADA PRINCIPAL--NOMBRE DE PERSONA
Nombre de persona Rodríguez Grullón, Altair
9 (RLIN) 73375
245 10 - MENCIÓN DE TÍTULO
Título Estado del arte de las migraciones que atañen a la República Dominicana 2013 /
Mención de responsabilidad, etc. Altair Rodríguez Grullón.
260 ## - PUBLICACIÓN, DISTRIBUCIÓN, ETC.
Lugar de publicación, distribución, etc. Santo Domingo :
Nombre del editor, distribuidor, etc. OBMICA,
Fecha de publicación, distribución, etc. 2014.
300 ## - DESCRIPCIÓN FÍSICA
Extensión 184 p. :
Otras características físicas il. ;
Dimensiones 28 cm.
500 ## - NOTA GENERAL
Nota general Incluye referencias bibliográficas y notas al pie de las páginas.
504 ## - NOTA DE BIBLIOGRAFÍA, ETC.
Nota de bibliografía, etc. Bibliografía p: 149-180
505 0# - NOTA DE CONTENIDO CON FORMATO
Nota de contenido con formato Abreviaciones --
Título Introducción --
-- Tendencias de las migraciones en el Caribe insular --
-- La emigración dominicana: nuevas cifras y tendencias --
-- Flujo inmigratorio: cifras y tendencias --
-- Evolución de las políticas migratorias en República Dominicana --
-- Situación de derechos de las personas inmigrantes y sus descendientes --
-- Conclusión
Información miscelánea Anexos I
Título Inmigración intrarregional Caribe insular --
Información miscelánea Anexos II
Título Acciones contra la trata de personas tomadas por países Caribe insular --
Información miscelánea Anexos III
Título Entrevistas realizadas en orden cronológico.
590 ## - NOTA LOCAL (RLIN)
Nota local Inventariado, 2018/VM
650 #4 - PUNTO DE ACCESO ADICIONAL DE MATERIA--TÉRMINO DE MATERIA
Término de materia o nombre geográfico como elemento de entrada Política de migración
Subdivisión geográfica República Dominicana
Subdivisión cronológica 2013
9 (RLIN) 73376
651 #4 - PUNTO DE ACCESO ADICIONAL DE MATERIA--NOMBRE GEOGRÁFICO
Nombre geográfico República Dominicana
Subdivisión general Emigración E Inmigración
-- Aspectos Sociales
Subdivisión cronológica 2013
9 (RLIN) 73377
651 #4 - PUNTO DE ACCESO ADICIONAL DE MATERIA--NOMBRE GEOGRÁFICO
Nombre geográfico República Dominicana
Subdivisión general Emigración E Inmigración
-- Aspectos Económicos
Subdivisión cronológica 2013
9 (RLIN) 73378
710 22 - PUNTO DE ACCESO ADICIONAL--NOMBRE DE ENTIDAD CORPORATIVA
Nombre de entidad corporativa o nombre de jurisdicción como elemento de entrada Centro para la Observación Migratoria y el Desarrollo en el Caribe
9 (RLIN) 42983
910 ## - DATOS DE OPCIÓN DEL USUARIO (OCLC)
Datos de opción del usuario Validado. Control de calidad MFF
942 ## - ELEMENTOS DE PUNTO DE ACCESO ADICIONAL (KOHA)
Fuente del sistema de clasificación o colocación Dewey Decimal Classification
Tipo de ítem Koha Libro
Holdings
Estado de retiro Estado de pérdida No para préstamo Código de colección Localización permanente Ubicación/localización actual Ubicación en estantería Fecha de adquisición Número de inventario Total de préstamos Signatura topográfica completa Código de barras Fecha visto por última vez Número de copia Precio válido a partir de Tipo de ítem Koha
    Excluido de préstamo Dominicana de Servicio General General Depósito 04.03.2015 LF1   304.87293 R696e 45351-30 25.06.2020 e. 3 25.06.2020 Libro y Folleto Colección Dominicana de Servicio
    Excluido de préstamo Patrimonio Dominicano Patrimonio Dominicano Patrimonio Dominicano Depósito 04.03.2015 LF1   304.87293 R696e 45351-10 25.06.2020   25.06.2020 Libro y Folleto Colección Patrimonio Dominicano
    Excluido de préstamo Patrimonio Dominicano Patrimonio Dominicano Patrimonio Dominicano Depósito 04.03.2015 LF1   304.87293 R696e 45351-20 25.06.2020 e. 2 25.06.2020 Libro y Folleto Colección Patrimonio Dominicano

Powered by Koha